000 00618nam a22002177a 4500
003 UA-OsUOA
001 59854
007 ta
008 20090429b un ||||| |||| 00| 0 ukr d
090 _a821.161.2.09
_bС91
942 _cBK
040 _aUA-OsUOA
_bukr
_cUA-OsUOA
_dUA-OsUOA
245 _aСучасна українська драматургія
_bАльманах
_cЯ. Верещак
300 _a343 с.
955 _a3
041 _aukr
080 _a821.161.2.09
260 _aК.
_bФенікс
_c2007
650 7 _a82 Література. Літературознавство
_2UDC
999 _c345977
_d345977